Время перемен (Запись № 13496037)

Подробности
000 -МАРКЕР
контрольное поле 01693nam1a2200337 4500
001 - ИДЕНТИФИКАТОР ЗАПИСИ
контрольное поле RU\NLR\BIBL_A\022535789
005 - ИДЕНТИФИКАТОР ВЕРСИИ
контрольное поле 20260406095024.0
035 ## - ДРУГИЕ СИСТЕМНЫЕ НОМЕРА
Идентификатор записи (NLR Aleph) 022535789
100 ## - ДАННЫЕ ОБЩЕЙ ОБРАБОТКИ
Данные общей обработки 20251214 rusy50
101 1# - ЯЗЫК РЕСУРСА
Язык текста, звукозаписи и т.д. русский
Язык оригинала якутский
102 ## - СТРАНА ПУБЛИКАЦИИ ИЛИ ПРОИЗВОДСТВА
Страна публикации Российская Федерация
105 ## - ПОЛЕ КОДИРОВАННЫХ ДАННЫХ: ТЕКСТОВЫЕ МАТЕРИАЛЫ, МОНОГРАФИЧЕСКИЕ
Кодированные данные о монографическом текстовом документе ||||z||||||||
181 #0 - ПОЛЕ КОДИРОВАННЫХ ДАННЫХ: ВИД СОДЕРЖАНИЯ
Код вида содержания (ISBD) i3
Код характеристики содержания (ISBD) axxe
182 #0 - ПОЛЕ КОДИРОВАННЫХ ДАННЫХ: ТИП СРЕДСТВА
Код типа средства (ISBD) n - непосредственное
200 1# - ЗАГЛАВИЕ И СВЕДЕНИЯ ОБ ОТВЕТСТВЕННОСТИ
Основное заглавие Время перемен
Сведения, относящиеся к заглавию роман
Первые сведения об ответственности Николай Лугинов
Последующие сведения об ответственности [перевод с якутского В. Крупина
-- литературный редактор: И. Иннокентьев
-- иллюстрации: Дьулустан Бойтунов]
203 ## - ВИД СОДЕРЖАНИЯ И ТИП СРЕДСТВА
Вид содержания Текст
Дополнительные сведения об издании визуальный
Тип средства непосредственный
210 ## - ПУБЛИКАЦИЯ, РАСПРОСТРАНЕНИЕ И ДР.
Место издания, распространения и т.д. Якутск
Имя издателя, распространителя и т. д. Академия духовности Республики Саха (Якутия)
Дата издания, распространения и т.д. 2025-
215 ## - ФИЗИЧЕСКАЯ ХАРАКТЕРИСТИКА
Размеры 17
225 1# - СЕРИЯ
Основное заглавие серии Проект Академии духовности Республики Саха (Якутия)
300 ## - ОБЩИЕ ПРИМЕЧАНИЯ
Текст примечания На 92-й с. авт.: Лугинов Н. А., нар. писатель РС (Я), заслуж. работник культуры РФ, лауреат лит. премий
686 2# - ИНДЕКСЫ ДРУГИХ КЛАССИФИКАЦИЙ
Индекс Ш6(2=Я)7-4
700 #1 - ИМЯ ЛИЦА - ПЕРВИЧНАЯ ОТВЕТСТВЕННОСТЬ
Графика поля Кириллица
Материалы, к которым относится поле rus
Начальный элемент ввода Лугинов
Часть имени, кроме начального элемента ввода Н. А.
Даты 1948-
Расширение инициалов личного имени Николай Алексеевич
Идентификатор авторитетной/нормативной записи RU\NLR\AUTH\770287435
Системный номер авторитетной/нормативной записи 2688965
702 #1 - ИМЯ ЛИЦА - ВТОРИЧНАЯ ОТВЕТСТВЕННОСТЬ
Код отношения Иллюстратор
Материалы, к которым относится поле rus
Графика поля Кириллица
Начальный элемент ввода Бойтунов
Часть имени, кроме начального элемента ввода Д. А.
Дополнения к именам, кроме дат художник
Даты 1962-
Расширение инициалов личного имени Дьулустан Афанасьевич
Идентификатор авторитетной/нормативной записи RU\NLR\AUTH\7798874
Системный номер авторитетной/нормативной записи 81800
852 ## - МЕСТОНАХОЖДЕНИЕ И ШИФР ХРАНЕНИЯ
Идентификатор организации NLR
Шифр хранения (Call Number) 2025-2/819
942 ## - ДОПОЛНИТЕЛЬНЫЕ ЭЛЕМЕНТЫ ЗАПИСИ (АБИС)
Тип экземпляра АБИС Книга
980 ## - КОЛЛЕКЦИЯ
Название коллекции Национальная библиография

Нет доступных экземпляров.